000 00700nam a22001697a 4500
999 _c57831
_d57831
003 Ge_BSU
005 20210121134122.0
008 210121s2019 ge ||||| |||| 00| 0 geo d
041 _ageo
080 _a342.518(479.22) ე-18
100 _aეგუტიძე, მამუკა
_910075
245 _aოკუპირებული ტერიტორიების სამართლებრივი რეჟიმის დაცვა /
_cმამუკა ეგუტიძე.
264 _aთბილისი :
_bიურისტების სამყარო,
_c2019.
300 _a26 სმ.
_b20 სმ.
653 _aსამართალი
942 _2udc
_cBK